000 00447nam a2200181Ia 4500
008 240925s9999 xx 000 0 und d
020 _a9789693505955
082 _a891.4392 QUD
100 _aQudsia, Bano
245 0 _aSuraj Mukhi
250 _aNA
260 _aLahore:
_bSang-e-Meel
_c,2011.
300 _a575p.
_b0
_fOriginal
500 _aIncludes Content
600 _aHumanities & Natural Science
650 _aLiterature
942 _cBK
999 _c14343
_d14343